Normal view
MARC view
- DA pam ;
Entry Uniform Title
001 - CONTROL NUMBER
- control field: 2189
003 - CONTROL NUMBER IDENTIFIER
- control field: NUST
005 - DATE AND TIME OF LATEST TRANSACTION
- control field: 20170608095027.0
008 - FIXED-LENGTH DATA ELEMENTS
- fixed length control field: 170608|| aca||aabn | a|a d
040 ## - CATALOGING SOURCE
- Original cataloging agency: NUST
- Transcribing agency: NUST
130 ## - HEADING--UNIFORM TITLE
- Uniform title: DA pam ;
- Form subdivision: 550-86
670 ## - SOURCE DATA FOUND
- Source citation: Work cat.: (NUST)0: Somalia :, 1993.
